000 01674nam a2200493 i 4500
001 42138
003 KOSZ 005
005 20200214134312.0
008 011026s2002 pl a f |001 0 pol
015 _aPB 2002/14219
035 _a991018530469705066
035 _a(PL-WaBN)b15022900-48omnis_nlop
035 _ab15022900
035 _a(OCoLC)749525806
035 _a(PL)b0000001502290
035 _a(EXLNZ-48OMNIS_NETWORK)9910131800705606
040 _aWA N
_cWA N
_dKOSZ 005/HR
046 _k2002
080 _a004.438
080 _a(07)
100 1 _aRadziszewski, Bogusław
_eAutor
245 1 0 _aHTML, JavaScript i Java od podstaw /
_cBogusław Radziszewski.
260 _aKielce :
_bWydaw. PŚ,
_c2002.
300 _a262 :
_bil. ;
_c24 cm.
336 _2rdacontent
_aTekst
_btxt
337 _2rdamedia
_aBez urządzenia pośredniczącego
_bn
338 _2rdacarrier
_aWolumin
_bnc
380 _aKsiążki
380 _aPublikacje dydaktyczne
385 _mPoziom nauczania
_aSzkoły wyższe
388 _a2001-
490 1 _aSkrypt / [Politechnika Świętokrzyska],
_x0239-6386 ;
_vnr 375
504 _aBibliogr. Indeks.
650 7 _aHTML
_2DBN
650 7 _aJava (język programowania)
_2DBN
650 7 _aJavaScript
_2DBN
655 7 _aPodręcznik
_2DBN
658 _aInformatyka i technologie informacyjne
710 2 _aWydawnictwo Politechniki Świętokrzyskiej
_4pbl
830 0 _aSkrypty - Politechnika Świętokrzyska
_v375
856 _uhttp://koha.tu.koszalin.pl/cgi-bin/koha/opac-detail.pl?biblionumber=42138
_yKatalog online BPK
942 _2UKD
_cKS
999 _c42138
_d42138